[Event "Hamburg HSK Elo op 5th"]
[Site "Hamburg"]
[Date "2007.04.29"]
[Round "4.14"]
[White "Toparlak, Afsin"]
[Black "Schreiber, Torsten"]
[Result "1/2-1/2"]
[WhiteElo "2063"]
[BlackElo "1962"]
[PlyCount "59"]
[EventDate "2007.04.28"]
[EventType "swiss"]
[EventRounds "7"]
[EventCountry "GER"]
[SourceTitle "EXT 2009"]
[Source "ChessBase"]
[SourceDate "2008.11.26"]
[SourceVersion "1"]
[SourceVersionDate "2008.11.26"]
[SourceQuality "1"]

1. e4 c6 2. Nf3 d5 3. exd5 cxd5 4. Ne5 Nf6 5. Bb5+ Bd7 6. Nxd7 Nbxd7 7. d4 e6 8. 0-0 Be7 9. c3 0-0 10. Nd2 a6 11. Bd3 Rc8 12. Re1 b5 13. a4 b4 14. cxb4 Bxb4 15. Bxa6 Ra8 16. Bb5 Qb6 17. Qb3 Bxd2 18. Bxd2 Qxd4 19. Rad1 Nc5 20. Qb4 Qxb4 21. Bxb4 Rfc8 22. Rc1 Nb3 23. Rxc8+ Rxc8 24. Rd1 d4 25. f3 Nd5 26. Rd3 Na1 27. Bd6 Nc2 28. Be5 Ne1 29. Rb3 d3 30. Kf1 1/2-1/2

[Event "Hamburg HSK Elo op 4th"]
[Site "Hamburg"]
[Date "2003.05.04"]
[Round "6"]
[White "Toparlak, Afsin"]
[Black "Kolthoff, Siegmund"]
[Result "0-1"]
[WhiteElo "1946"]
[BlackElo "2175"]
[PlyCount "62"]
[EventDate "2003.05.01"]
[EventType "swiss"]
[EventRounds "7"]
[EventCountry "GER"]
[SourceTitle "EXT 2019"]
[Source "ChessBase"]
[SourceDate "2018.10.10"]
[SourceVersion "1"]
[SourceVersionDate "2018.10.10"]
[SourceQuality "1"]

1. e4 c5 2. Nf3 e6 3. d4 cxd4 4. c3 d3 5. Bxd3 d6 6. 0-0 Nc6 7. Be3 Nf6 8. Nd4 Be7 9. h3 0-0 10. Nd2 Bd7 11. f4 e5 12. Ne2 Qc7 13. f5 d5 14. g4 dxe4 15. Bxe4 Na5 16. Ng3 Rad8 17. Qe2 Bc6 18. Bxc6 Qxc6 19. b4 Nd5 20. Nge4 Nxe3 21. Qxe3 Nc4 22. Nxc4 Qxc4 23. Rad1 f6 24. a4 a5 25. bxa5 Qxa4 26. Rxd8 Rxd8 27. Nc5 Qb5 28. Ne6 Qxa5 29. Rf3 Rd1+ 30. Kg2 Qd5 31. Qa7 Rd3 0-1